000 00300nam a2200097Ia 4500
008 241105s9999 xx 000 0 und d
041 _aeng
100 _aKadu Aishwarya
245 _aLandscape Planning Proposal For Gondekhal Village And Its Surrounding Watershed
260 _bBNCA M Arch LA, Pune
_c2020
999 _c361997
_d361997